Faculty of Law Library — Cairo University

Official Online Catalog

Le Droit Pénal International : (Record no. 62983)

MARC details
000 -LEADER
fixed length control field 00989nam a2200289 i 4500
003 - CONTROL NUMBER IDENTIFIER
control field EG-GICUC
005 - DATE AND TIME OF LATEST TRANSACTION
control field 20260212202423.0
008 - FIXED-LENGTH DATA ELEMENTS--GENERAL INFORMATION
fixed length control field 260212s1920 fr ||||fr|||| 000 0 fre d
040 ## - CATALOGING SOURCE
Original cataloging agency EG-GiCUC
Language of cataloging fre
Transcribing agency EG-GiCUC
Modifying agency EG-GiCUC
Description conventions Rda
082 04 - DEWEY DECIMAL CLASSIFICATION NUMBER
Edition number 21
Classification number 341.77
Item number TR . D
092 04 - LOCALLY ASSIGNED DEWEY CALL NUMBER (OCLC)
Edition number 21
099 ## - LOCAL FREE-TEXT CALL NUMBER (OCLC)
Classification number Law1 11 341.77 TR . D 1920
100 1# - MAIN ENTRY--PERSONAL NAME
Personal name Travers, Maurice
Relator term Auteur
245 13 - TITLE STATEMENT
Title Le Droit Pénal International :
Remainder of title Et Sa Mise en Œuvre En Temps De Paix Et en Temps De Guerre.
Number of part/section of a work Tome I /
Statement of responsibility, etc. Maurice Travers.
264 #1 - PRODUCTION, PUBLICATION, DISTRIBUTION, MANUFACTURE, AND COPYRIGHT NOTICE
Place of production, publication, distribution, manufacture Paris :
Name of producer, publisher, distributor, manufacturer Librairie. De La Société Du Recueil Sirey,
Date of production, publication, distribution, manufacture, or copyright notice 1920.
300 ## - PHYSICAL DESCRIPTION
Extent 667page :
Other physical details illustration ;
Dimensions 24 cm.
336 ## - CONTENT TYPE
Source rda contenu
Content type term texte
337 ## - MEDIA TYPE
Source rda medias
Media type term Ordinateur
338 ## - CARRIER TYPE
Source transporteur rda
Carrier type term Ressource en ligne
504 ## - BIBLIOGRAPHY, ETC. NOTE
Bibliography, etc. note
546 ## - LANGUAGE NOTE
Language note Texte en français
650 14 - SUBJECT ADDED ENTRY--TOPICAL TERM
Topical term or geographic name entry element Droit international public
Source of heading or term
651 1# - SUBJECT ADDED ENTRY--GEOGRAPHIC NAME
Source of heading or term
856 40 - ELECTRONIC LOCATION AND ACCESS
Uniform Resource Identifier <a href="https://fll.law.cu.edu.eg/fulltext/bks/B11-07303.pdf">https://fll.law.cu.edu.eg/fulltext/bks/B11-07303.pdf</a>
905 ## - Cataloger and Reviser Names
Cataloger Name: Dina
942 ## - ADDED ENTRY ELEMENTS (KOHA)
Source of classification or shelving scheme Dewey Decimal Classification
Koha item type Books
Edition 21
Suppress in OPAC No
Holdings
Withdrawn status Lost status Source of classification or shelving scheme Materials specified (bound volume or other part) Damaged status Not for loan Collection Home library Current library Date acquired Total checkouts Full call number Barcode Date last seen Copy number Price effective from Koha item type
    Dewey Decimal Classification V1   Not for loan القانون الدولي العام جــــامعة القــاهرة مكتبة كلية الحقوق - المبنى الرئيسي 12.02.2026   Law1 11 341.77 TR . D 1920 1107303 V1, C1 B11-07303 12.02.2026 1 12.02.2026 Books

© All rights reserved — Faculty of Law, Cairo University